music trivia: 1973 songs and artists - Statistics

General Stats
  • This quiz has been taken 194 times
    169 since last reset
  • The average score is 10 of 15
Answer Stats
Do you know this 1973 song? Who sang and or played it? % Correct
Killing Me Softly With His Song Roberta Flack
90%
Angie The Rolling Stones
90%
Big, Bad Leroy Brown Jim Croce
81%
Stuck in the Middle with You Stealers Wheel
79%
Reelin' in the Years Steely Dan
77%
Half-Breed Cher
68%
China Grove The Doobie Brothers
68%
Love Train The O'Jays
67%
Frankenstein The Edgar Winter Group
65%
Drift Away Dobie Gray
61%
Give Me Love (Give Me Peace on Earth) George Harrison
58%
Touch Me in the Morning Diana Ross
53%
Me and Mrs. Jones Billy Paul
45%
Could It Be I'm Falling in Love The (Detroit) Spinners
42%
Will It Go Round in Circles Billy Preston
36%
No matching quizzes found
Score Distribution
Percent of People with Each Score
Percentile by Number Answered
Your Score History
You have not taken this quiz since the last reset